000 00686nam a2200277Ia 4500
005 20260324130637.0
008 008 260324s9999 xx 000 0 eng d
020 _a9781003064527
037 _aEBOOK
040 _aCRL
040 _beng
040 _cCRL
041 _2eng
041 _aeng
084 _qCRL
100 _aRichard A. Lesh; Eric Hamilton; James J. Kaput
_91182553
245 0 _aFoundations for the Future in Mathematics Education
260 _bTaylor and Francis
260 _c2007
365 _a
365 _b290
856 _uhttp://www.taylorfrancis.com/books/9781003064527
942 _cEBOOK
999 _c1778902
_d1778902